logo

Preventing Extremism Together (Record no. 1216)

MARC details
000 -CABECERA
Campo de control de longitud fija 00688nam a22001817a 4500
008 - CAMPO FIJO DE DESCRIPCIÓN FIJA--INFORMACIÓN GENERAL
Campo de control de longitud fija 120307t xxu||||| |||| 00| 0 eng d
040 ## - FUENTE DE CATALOGACIÓN
Agencia de catalogación original ES-MaBCA
Agencia que realiza la transcripción ES-MaBCA
100 ## - ENCABEZAMIENTO PRINCIPAL--NOMBRE PERSONAL
9 (RLIN) 4353
Nombre de persona Ahmed, Masood
100 ## - ENCABEZAMIENTO PRINCIPAL--NOMBRE PERSONAL
9 (RLIN) 4356
Nombre de persona Alam, Farrena
100 ## - ENCABEZAMIENTO PRINCIPAL--NOMBRE PERSONAL
9 (RLIN) 4355
Nombre de persona Ali, Latfur
245 ## - MENCIÓN DE TÍTULO
Título Preventing Extremism Together
Medio físico [Recurso electrónico] PDF
Mención de responsabilidad, etc. Masood Ahmed...[et al]
260 ## - PUBLICACIÓN, DISTRIBUCIÓN, ETC (PIE DE IMPRENTA)
Fecha de publicación, distribución, etc. August-October 2005
300 ## - DESCRIPCIÓN FÍSICA
Extensión Recurso online, 112 p.
Tamaño de la unidad 2,25 MB
650 ## - ASIENTO SECUNDARIO DE MATERIA--TÉRMINO DE MATERIA
9 (RLIN) 1740
Nombre de materia o nombre geográfico como elemento de entrada Terrorismo
Subdivisión general Movimientos extremistas
653 ## - TÉRMINO DE INDEXACIÓN--NO CONTROLADO
Término de indización no controlado Radicalización
856 4# - ACCESO ELECTRÓNICO
Identificador uniforme del recurso URI <a href="http://webarchive.nationalarchives.gov.uk/20120919132719/http://www.communities.gov.uk/documents/communities/pdf/152164.pdf">http://webarchive.nationalarchives.gov.uk/20120919132719/http://www.communities.gov.uk/documents/communities/pdf/152164.pdf</a>
Tipo de formato electrónico PDF
942 ## - ELEMENTOS KOHA
Fuente de clasificación o esquema de ordenación en estanterías Universal Decimal Classification
Koha tipo de item Monografías
Holdings
Suprimido Perdido Fuente de clasificación o esquema de ordenación en estanterías Estropeado No se presta Koha Colección Localización (Biblioteca) Sublocalización o Colección (subbiblioteca) Fecha de adquisición Koha préstamos (veces que ha sido prestado) Designación de pieza (código de barras) Koha Fecha de último uso Precio efectivo desde Koha tipo de item
    Universal Decimal Classification     Biblioteca Digital Centro de Análisis y Prospectiva de la Guardia Civil Centro de Análisis y Prospectiva de la Guardia Civil 03/08/2012   1017 03/08/2012 03/08/2012 Monografías